<?xml version="1.0" encoding="UTF-8"?>
<collection xmlns="http://www.loc.gov/MARC21/slim">
<record>
  <controlfield tag="001">2851660</controlfield>
  <controlfield tag="005">20240305195413.0</controlfield>
  <datafield tag="024" ind1="8" ind2=" ">
    <subfield code="a">oai:cds.cern.ch:2851660</subfield>
    <subfield code="p">cerncds:FULLTEXT</subfield>
  </datafield>
  <datafield tag="037" ind1=" " ind2=" ">
    <subfield code="a">CERN-PHOTO-202303-077</subfield>
  </datafield>
  <datafield tag="100" ind1=" " ind2=" ">
    <subfield code="0">AUTHOR|(CDS)2836746</subfield>
    <subfield code="0">AUTHOR|(SzGeCERN)863707</subfield>
    <subfield code="a">Cavazza, Marina</subfield>
    <subfield code="m">marina.cavazza@cern.ch</subfield>
  </datafield>
  <datafield tag="245" ind1=" " ind2=" ">
    <subfield code="a">First stone of the new CERN Library</subfield>
  </datafield>
  <datafield tag="260" ind1=" " ind2=" ">
    <subfield code="c">2023</subfield>
  </datafield>
  <datafield tag="269" ind1=" " ind2=" ">
    <subfield code="a">Geneva</subfield>
    <subfield code="b">CERN</subfield>
    <subfield code="c">2023-03-06</subfield>
  </datafield>
  <datafield tag="500" ind1=" " ind2=" ">
    <subfield code="a">General Photo</subfield>
  </datafield>
  <datafield tag="506" ind1=" " ind2=" ">
    <subfield code="a">public</subfield>
  </datafield>
  <datafield tag="520" ind1=" " ind2=" ">
    <subfield code="a">Ceremony of the 'first stone' of the renovated CERN Library. A time capsule will be inserted inside a wall. In the presence of Joachim Mnich, Director for Research and Computing, and Mar Capeans, Head of Site and Civil Engineering Department.</subfield>
  </datafield>
  <datafield tag="542" ind1=" " ind2=" ">
    <subfield code="d">CERN</subfield>
    <subfield code="g">2023</subfield>
  </datafield>
  <datafield tag="595" ind1=" " ind2=" ">
    <subfield code="a">CERN EDS</subfield>
    <subfield code="s">PHOTOLAB</subfield>
  </datafield>
  <datafield tag="650" ind1="2" ind2="7">
    <subfield code="2">SzGeCERN</subfield>
    <subfield code="a">Civil Engineering and Infrastructure</subfield>
  </datafield>
  <datafield tag="650" ind1="1" ind2="7">
    <subfield code="2">SzGeCERN</subfield>
    <subfield code="a">Photolab</subfield>
  </datafield>
  <datafield tag="690" ind1="C" ind2=" ">
    <subfield code="a">CERN</subfield>
  </datafield>
  <datafield tag="690" ind1="C" ind2=" ">
    <subfield code="a">PHOTO</subfield>
  </datafield>
  <datafield tag="856" ind1="4" ind2=" ">
    <subfield code="8">2431309</subfield>
    <subfield code="s">26623914</subfield>
    <subfield code="u">http://cds.cern.ch/record/2851660/files/202303-077_16.jpg</subfield>
  </datafield>
  <datafield tag="856" ind1="4" ind2=" ">
    <subfield code="8">2431310</subfield>
    <subfield code="s">21581440</subfield>
    <subfield code="u">http://cds.cern.ch/record/2851660/files/202303-077_32.jpg</subfield>
  </datafield>
  <datafield tag="856" ind1="4" ind2=" ">
    <subfield code="8">2431311</subfield>
    <subfield code="s">22113202</subfield>
    <subfield code="u">http://cds.cern.ch/record/2851660/files/202303-077_40.jpg</subfield>
  </datafield>
  <datafield tag="856" ind1="4" ind2=" ">
    <subfield code="8">2431312</subfield>
    <subfield code="s">20775675</subfield>
    <subfield code="u">http://cds.cern.ch/record/2851660/files/202303-077_44.jpg</subfield>
  </datafield>
  <datafield tag="856" ind1="4" ind2=" ">
    <subfield code="8">2431313</subfield>
    <subfield code="s">20676076</subfield>
    <subfield code="u">http://cds.cern.ch/record/2851660/files/202303-077_45.jpg</subfield>
  </datafield>
  <datafield tag="856" ind1="4" ind2=" ">
    <subfield code="8">2431314</subfield>
    <subfield code="s">21321376</subfield>
    <subfield code="u">http://cds.cern.ch/record/2851660/files/202303-077_49.jpg</subfield>
  </datafield>
  <datafield tag="856" ind1="4" ind2=" ">
    <subfield code="8">2431315</subfield>
    <subfield code="s">20586283</subfield>
    <subfield code="u">http://cds.cern.ch/record/2851660/files/202303-077_54.jpg</subfield>
  </datafield>
  <datafield tag="856" ind1="4" ind2=" ">
    <subfield code="8">2431316</subfield>
    <subfield code="s">21169665</subfield>
    <subfield code="u">http://cds.cern.ch/record/2851660/files/202303-077_57.jpg</subfield>
  </datafield>
  <datafield tag="856" ind1="4" ind2=" ">
    <subfield code="8">2431318</subfield>
    <subfield code="s">20241626</subfield>
    <subfield code="u">http://cds.cern.ch/record/2851660/files/202303-077_321.jpg</subfield>
  </datafield>
  <datafield tag="856" ind1="4" ind2=" ">
    <subfield code="8">2431319</subfield>
    <subfield code="s">31885546</subfield>
    <subfield code="u">http://cds.cern.ch/record/2851660/files/202303-077_323.jpg</subfield>
  </datafield>
  <datafield tag="856" ind1="4" ind2=" ">
    <subfield code="8">2431320</subfield>
    <subfield code="s">30254350</subfield>
    <subfield code="u">http://cds.cern.ch/record/2851660/files/202303-077_333.jpg</subfield>
  </datafield>
  <datafield tag="856" ind1="4" ind2=" ">
    <subfield code="8">2431321</subfield>
    <subfield code="s">31087991</subfield>
    <subfield code="u">http://cds.cern.ch/record/2851660/files/202303-077_338.jpg</subfield>
  </datafield>
  <datafield tag="856" ind1="4" ind2=" ">
    <subfield code="8">2431322</subfield>
    <subfield code="s">28263654</subfield>
    <subfield code="u">http://cds.cern.ch/record/2851660/files/202303-077_342.jpg</subfield>
  </datafield>
  <datafield tag="856" ind1="4" ind2=" ">
    <subfield code="8">2431323</subfield>
    <subfield code="s">24591923</subfield>
    <subfield code="u">http://cds.cern.ch/record/2851660/files/202303-077_346.jpg</subfield>
  </datafield>
  <datafield tag="856" ind1="4" ind2=" ">
    <subfield code="8">2431324</subfield>
    <subfield code="s">18382562</subfield>
    <subfield code="u">http://cds.cern.ch/record/2851660/files/202303-077_359.jpg</subfield>
  </datafield>
  <datafield tag="856" ind1="4" ind2=" ">
    <subfield code="8">2431325</subfield>
    <subfield code="s">16972997</subfield>
    <subfield code="u">http://cds.cern.ch/record/2851660/files/202303-077_360.jpg</subfield>
  </datafield>
  <datafield tag="856" ind1="4" ind2=" ">
    <subfield code="8">2431326</subfield>
    <subfield code="s">29404284</subfield>
    <subfield code="u">http://cds.cern.ch/record/2851660/files/202303-077_361.jpg</subfield>
  </datafield>
  <datafield tag="856" ind1="4" ind2=" ">
    <subfield code="8">2431327</subfield>
    <subfield code="s">27096537</subfield>
    <subfield code="u">http://cds.cern.ch/record/2851660/files/202303-077_374.jpg</subfield>
  </datafield>
  <datafield tag="856" ind1="4" ind2=" ">
    <subfield code="8">2431328</subfield>
    <subfield code="s">27571700</subfield>
    <subfield code="u">http://cds.cern.ch/record/2851660/files/202303-077_382.jpg</subfield>
  </datafield>
  <datafield tag="856" ind1="4" ind2=" ">
    <subfield code="8">2431329</subfield>
    <subfield code="s">32137183</subfield>
    <subfield code="u">http://cds.cern.ch/record/2851660/files/202303-077_389.jpg</subfield>
  </datafield>
  <datafield tag="856" ind1="4" ind2=" ">
    <subfield code="8">2431330</subfield>
    <subfield code="s">26719276</subfield>
    <subfield code="u">http://cds.cern.ch/record/2851660/files/202303-077_390.jpg</subfield>
  </datafield>
  <datafield tag="856" ind1="4" ind2=" ">
    <subfield code="8">2431331</subfield>
    <subfield code="s">30435640</subfield>
    <subfield code="u">http://cds.cern.ch/record/2851660/files/202303-077_395.jpg</subfield>
  </datafield>
  <datafield tag="856" ind1="4" ind2=" ">
    <subfield code="8">2431332</subfield>
    <subfield code="s">25548572</subfield>
    <subfield code="u">http://cds.cern.ch/record/2851660/files/202303-077_398.jpg</subfield>
  </datafield>
  <datafield tag="856" ind1="4" ind2=" ">
    <subfield code="8">2431333</subfield>
    <subfield code="s">33551873</subfield>
    <subfield code="u">http://cds.cern.ch/record/2851660/files/202303-077_400.jpg</subfield>
  </datafield>
  <datafield tag="856" ind1="4" ind2=" ">
    <subfield code="8">2431334</subfield>
    <subfield code="s">34080748</subfield>
    <subfield code="u">http://cds.cern.ch/record/2851660/files/202303-077_402.jpg</subfield>
  </datafield>
  <datafield tag="856" ind1="4" ind2=" ">
    <subfield code="8">2431335</subfield>
    <subfield code="s">32221606</subfield>
    <subfield code="u">http://cds.cern.ch/record/2851660/files/202303-077_404.jpg</subfield>
  </datafield>
  <datafield tag="856" ind1="4" ind2=" ">
    <subfield code="8">2431336</subfield>
    <subfield code="s">31334623</subfield>
    <subfield code="u">http://cds.cern.ch/record/2851660/files/202303-077_406.jpg</subfield>
  </datafield>
  <datafield tag="856" ind1="4" ind2=" ">
    <subfield code="8">2431337</subfield>
    <subfield code="s">18213935</subfield>
    <subfield code="u">http://cds.cern.ch/record/2851660/files/202303-077_412.jpg</subfield>
  </datafield>
  <datafield tag="856" ind1="4" ind2=" ">
    <subfield code="8">2431338</subfield>
    <subfield code="s">30918392</subfield>
    <subfield code="u">http://cds.cern.ch/record/2851660/files/202303-077_416.jpg</subfield>
  </datafield>
  <datafield tag="856" ind1="4" ind2=" ">
    <subfield code="8">2431339</subfield>
    <subfield code="s">27218410</subfield>
    <subfield code="u">http://cds.cern.ch/record/2851660/files/202303-077_423.jpg</subfield>
  </datafield>
  <datafield tag="856" ind1="4" ind2=" ">
    <subfield code="8">2431340</subfield>
    <subfield code="s">22095456</subfield>
    <subfield code="u">http://cds.cern.ch/record/2851660/files/202303-077_427.jpg</subfield>
  </datafield>
  <datafield tag="856" ind1="4" ind2=" ">
    <subfield code="8">2431341</subfield>
    <subfield code="s">18141361</subfield>
    <subfield code="u">http://cds.cern.ch/record/2851660/files/202303-077_429.jpg</subfield>
  </datafield>
  <datafield tag="856" ind1="4" ind2=" ">
    <subfield code="8">2431342</subfield>
    <subfield code="s">22376660</subfield>
    <subfield code="u">http://cds.cern.ch/record/2851660/files/202303-077_432.jpg</subfield>
  </datafield>
  <datafield tag="856" ind1="4" ind2=" ">
    <subfield code="8">2431343</subfield>
    <subfield code="s">21417801</subfield>
    <subfield code="u">http://cds.cern.ch/record/2851660/files/202303-077_435.jpg</subfield>
  </datafield>
  <datafield tag="856" ind1="4" ind2=" ">
    <subfield code="8">2431344</subfield>
    <subfield code="s">20970616</subfield>
    <subfield code="u">http://cds.cern.ch/record/2851660/files/202303-077_441.jpg</subfield>
  </datafield>
  <datafield tag="856" ind1="4" ind2=" ">
    <subfield code="8">2431345</subfield>
    <subfield code="s">17423576</subfield>
    <subfield code="u">http://cds.cern.ch/record/2851660/files/202303-077_447.jpg</subfield>
  </datafield>
  <datafield tag="856" ind1="4" ind2=" ">
    <subfield code="8">2431346</subfield>
    <subfield code="s">20993867</subfield>
    <subfield code="u">http://cds.cern.ch/record/2851660/files/202303-077_457.jpg</subfield>
  </datafield>
  <datafield tag="856" ind1="4" ind2=" ">
    <subfield code="8">2431347</subfield>
    <subfield code="s">20961526</subfield>
    <subfield code="u">http://cds.cern.ch/record/2851660/files/202303-077_459.jpg</subfield>
  </datafield>
  <datafield tag="856" ind1="4" ind2=" ">
    <subfield code="8">2431348</subfield>
    <subfield code="s">21401936</subfield>
    <subfield code="u">http://cds.cern.ch/record/2851660/files/202303-077_460.jpg</subfield>
  </datafield>
  <datafield tag="856" ind1="4" ind2=" ">
    <subfield code="8">2431349</subfield>
    <subfield code="s">21067218</subfield>
    <subfield code="u">http://cds.cern.ch/record/2851660/files/202303-077_467.jpg</subfield>
  </datafield>
  <datafield tag="856" ind1="4" ind2=" ">
    <subfield code="8">2431350</subfield>
    <subfield code="s">18710112</subfield>
    <subfield code="u">http://cds.cern.ch/record/2851660/files/202303-077_476.jpg</subfield>
  </datafield>
  <datafield tag="856" ind1="4" ind2=" ">
    <subfield code="8">2431309</subfield>
    <subfield code="s">964862</subfield>
    <subfield code="u">http://cds.cern.ch/record/2851660/files/202303-077_16.jpg?subformat=icon-1440</subfield>
    <subfield code="x">icon-1440</subfield>
  </datafield>
  <datafield tag="856" ind1="4" ind2=" ">
    <subfield code="8">2431309</subfield>
    <subfield code="s">97412</subfield>
    <subfield code="u">http://cds.cern.ch/record/2851660/files/202303-077_16.jpg?subformat=icon-180</subfield>
    <subfield code="x">icon-180</subfield>
  </datafield>
  <datafield tag="856" ind1="4" ind2=" ">
    <subfield code="8">2431309</subfield>
    <subfield code="s">293545</subfield>
    <subfield code="u">http://cds.cern.ch/record/2851660/files/202303-077_16.jpg?subformat=icon-640</subfield>
    <subfield code="x">icon-640</subfield>
  </datafield>
  <datafield tag="856" ind1="4" ind2=" ">
    <subfield code="8">2431310</subfield>
    <subfield code="s">96811</subfield>
    <subfield code="u">http://cds.cern.ch/record/2851660/files/202303-077_32.jpg?subformat=icon-180</subfield>
    <subfield code="x">icon-180</subfield>
  </datafield>
  <datafield tag="856" ind1="4" ind2=" ">
    <subfield code="8">2431310</subfield>
    <subfield code="s">272071</subfield>
    <subfield code="u">http://cds.cern.ch/record/2851660/files/202303-077_32.jpg?subformat=icon-640</subfield>
    <subfield code="x">icon-640</subfield>
  </datafield>
  <datafield tag="856" ind1="4" ind2=" ">
    <subfield code="8">2431310</subfield>
    <subfield code="s">852653</subfield>
    <subfield code="u">http://cds.cern.ch/record/2851660/files/202303-077_32.jpg?subformat=icon-1440</subfield>
    <subfield code="x">icon-1440</subfield>
  </datafield>
  <datafield tag="856" ind1="4" ind2=" ">
    <subfield code="8">2431311</subfield>
    <subfield code="s">94386</subfield>
    <subfield code="u">http://cds.cern.ch/record/2851660/files/202303-077_40.jpg?subformat=icon-180</subfield>
    <subfield code="x">icon-180</subfield>
  </datafield>
  <datafield tag="856" ind1="4" ind2=" ">
    <subfield code="8">2431311</subfield>
    <subfield code="s">259757</subfield>
    <subfield code="u">http://cds.cern.ch/record/2851660/files/202303-077_40.jpg?subformat=icon-640</subfield>
    <subfield code="x">icon-640</subfield>
  </datafield>
  <datafield tag="856" ind1="4" ind2=" ">
    <subfield code="8">2431311</subfield>
    <subfield code="s">888470</subfield>
    <subfield code="u">http://cds.cern.ch/record/2851660/files/202303-077_40.jpg?subformat=icon-1440</subfield>
    <subfield code="x">icon-1440</subfield>
  </datafield>
  <datafield tag="856" ind1="4" ind2=" ">
    <subfield code="8">2431312</subfield>
    <subfield code="s">1106605</subfield>
    <subfield code="u">http://cds.cern.ch/record/2851660/files/202303-077_44.jpg?subformat=icon-1440</subfield>
    <subfield code="x">icon-1440</subfield>
  </datafield>
  <datafield tag="856" ind1="4" ind2=" ">
    <subfield code="8">2431312</subfield>
    <subfield code="s">99933</subfield>
    <subfield code="u">http://cds.cern.ch/record/2851660/files/202303-077_44.jpg?subformat=icon-180</subfield>
    <subfield code="x">icon-180</subfield>
  </datafield>
  <datafield tag="856" ind1="4" ind2=" ">
    <subfield code="8">2431312</subfield>
    <subfield code="s">320376</subfield>
    <subfield code="u">http://cds.cern.ch/record/2851660/files/202303-077_44.jpg?subformat=icon-640</subfield>
    <subfield code="x">icon-640</subfield>
  </datafield>
  <datafield tag="856" ind1="4" ind2=" ">
    <subfield code="8">2431313</subfield>
    <subfield code="s">1155779</subfield>
    <subfield code="u">http://cds.cern.ch/record/2851660/files/202303-077_45.jpg?subformat=icon-1440</subfield>
    <subfield code="x">icon-1440</subfield>
  </datafield>
  <datafield tag="856" ind1="4" ind2=" ">
    <subfield code="8">2431313</subfield>
    <subfield code="s">100951</subfield>
    <subfield code="u">http://cds.cern.ch/record/2851660/files/202303-077_45.jpg?subformat=icon-180</subfield>
    <subfield code="x">icon-180</subfield>
  </datafield>
  <datafield tag="856" ind1="4" ind2=" ">
    <subfield code="8">2431313</subfield>
    <subfield code="s">329558</subfield>
    <subfield code="u">http://cds.cern.ch/record/2851660/files/202303-077_45.jpg?subformat=icon-640</subfield>
    <subfield code="x">icon-640</subfield>
  </datafield>
  <datafield tag="856" ind1="4" ind2=" ">
    <subfield code="8">2431314</subfield>
    <subfield code="s">1153924</subfield>
    <subfield code="u">http://cds.cern.ch/record/2851660/files/202303-077_49.jpg?subformat=icon-1440</subfield>
    <subfield code="x">icon-1440</subfield>
  </datafield>
  <datafield tag="856" ind1="4" ind2=" ">
    <subfield code="8">2431314</subfield>
    <subfield code="s">101519</subfield>
    <subfield code="u">http://cds.cern.ch/record/2851660/files/202303-077_49.jpg?subformat=icon-180</subfield>
    <subfield code="x">icon-180</subfield>
  </datafield>
  <datafield tag="856" ind1="4" ind2=" ">
    <subfield code="8">2431314</subfield>
    <subfield code="s">330353</subfield>
    <subfield code="u">http://cds.cern.ch/record/2851660/files/202303-077_49.jpg?subformat=icon-640</subfield>
    <subfield code="x">icon-640</subfield>
  </datafield>
  <datafield tag="856" ind1="4" ind2=" ">
    <subfield code="8">2431315</subfield>
    <subfield code="s">1154505</subfield>
    <subfield code="u">http://cds.cern.ch/record/2851660/files/202303-077_54.jpg?subformat=icon-1440</subfield>
    <subfield code="x">icon-1440</subfield>
  </datafield>
  <datafield tag="856" ind1="4" ind2=" ">
    <subfield code="8">2431315</subfield>
    <subfield code="s">101151</subfield>
    <subfield code="u">http://cds.cern.ch/record/2851660/files/202303-077_54.jpg?subformat=icon-180</subfield>
    <subfield code="x">icon-180</subfield>
  </datafield>
  <datafield tag="856" ind1="4" ind2=" ">
    <subfield code="8">2431315</subfield>
    <subfield code="s">330135</subfield>
    <subfield code="u">http://cds.cern.ch/record/2851660/files/202303-077_54.jpg?subformat=icon-640</subfield>
    <subfield code="x">icon-640</subfield>
  </datafield>
  <datafield tag="856" ind1="4" ind2=" ">
    <subfield code="8">2431316</subfield>
    <subfield code="s">1172537</subfield>
    <subfield code="u">http://cds.cern.ch/record/2851660/files/202303-077_57.jpg?subformat=icon-1440</subfield>
    <subfield code="x">icon-1440</subfield>
  </datafield>
  <datafield tag="856" ind1="4" ind2=" ">
    <subfield code="8">2431316</subfield>
    <subfield code="s">101323</subfield>
    <subfield code="u">http://cds.cern.ch/record/2851660/files/202303-077_57.jpg?subformat=icon-180</subfield>
    <subfield code="x">icon-180</subfield>
  </datafield>
  <datafield tag="856" ind1="4" ind2=" ">
    <subfield code="8">2431316</subfield>
    <subfield code="s">332730</subfield>
    <subfield code="u">http://cds.cern.ch/record/2851660/files/202303-077_57.jpg?subformat=icon-640</subfield>
    <subfield code="x">icon-640</subfield>
  </datafield>
  <datafield tag="856" ind1="4" ind2=" ">
    <subfield code="8">2431318</subfield>
    <subfield code="s">1052017</subfield>
    <subfield code="u">http://cds.cern.ch/record/2851660/files/202303-077_321.jpg?subformat=icon-1440</subfield>
    <subfield code="x">icon-1440</subfield>
  </datafield>
  <datafield tag="856" ind1="4" ind2=" ">
    <subfield code="8">2431318</subfield>
    <subfield code="s">100871</subfield>
    <subfield code="u">http://cds.cern.ch/record/2851660/files/202303-077_321.jpg?subformat=icon-180</subfield>
    <subfield code="x">icon-180</subfield>
  </datafield>
  <datafield tag="856" ind1="4" ind2=" ">
    <subfield code="8">2431318</subfield>
    <subfield code="s">316269</subfield>
    <subfield code="u">http://cds.cern.ch/record/2851660/files/202303-077_321.jpg?subformat=icon-640</subfield>
    <subfield code="x">icon-640</subfield>
  </datafield>
  <datafield tag="856" ind1="4" ind2=" ">
    <subfield code="8">2431319</subfield>
    <subfield code="s">89407</subfield>
    <subfield code="u">http://cds.cern.ch/record/2851660/files/202303-077_323.jpg?subformat=icon-180</subfield>
    <subfield code="x">icon-180</subfield>
  </datafield>
  <datafield tag="856" ind1="4" ind2=" ">
    <subfield code="8">2431319</subfield>
    <subfield code="s">236119</subfield>
    <subfield code="u">http://cds.cern.ch/record/2851660/files/202303-077_323.jpg?subformat=icon-640</subfield>
    <subfield code="x">icon-640</subfield>
  </datafield>
  <datafield tag="856" ind1="4" ind2=" ">
    <subfield code="8">2431319</subfield>
    <subfield code="s">811580</subfield>
    <subfield code="u">http://cds.cern.ch/record/2851660/files/202303-077_323.jpg?subformat=icon-1440</subfield>
    <subfield code="x">icon-1440</subfield>
  </datafield>
  <datafield tag="856" ind1="4" ind2=" ">
    <subfield code="8">2431320</subfield>
    <subfield code="s">92640</subfield>
    <subfield code="u">http://cds.cern.ch/record/2851660/files/202303-077_333.jpg?subformat=icon-180</subfield>
    <subfield code="x">icon-180</subfield>
  </datafield>
  <datafield tag="856" ind1="4" ind2=" ">
    <subfield code="8">2431320</subfield>
    <subfield code="s">258181</subfield>
    <subfield code="u">http://cds.cern.ch/record/2851660/files/202303-077_333.jpg?subformat=icon-640</subfield>
    <subfield code="x">icon-640</subfield>
  </datafield>
  <datafield tag="856" ind1="4" ind2=" ">
    <subfield code="8">2431320</subfield>
    <subfield code="s">887144</subfield>
    <subfield code="u">http://cds.cern.ch/record/2851660/files/202303-077_333.jpg?subformat=icon-1440</subfield>
    <subfield code="x">icon-1440</subfield>
  </datafield>
  <datafield tag="856" ind1="4" ind2=" ">
    <subfield code="8">2431321</subfield>
    <subfield code="s">944085</subfield>
    <subfield code="u">http://cds.cern.ch/record/2851660/files/202303-077_338.jpg?subformat=icon-1440</subfield>
    <subfield code="x">icon-1440</subfield>
  </datafield>
  <datafield tag="856" ind1="4" ind2=" ">
    <subfield code="8">2431321</subfield>
    <subfield code="s">94296</subfield>
    <subfield code="u">http://cds.cern.ch/record/2851660/files/202303-077_338.jpg?subformat=icon-180</subfield>
    <subfield code="x">icon-180</subfield>
  </datafield>
  <datafield tag="856" ind1="4" ind2=" ">
    <subfield code="8">2431321</subfield>
    <subfield code="s">269991</subfield>
    <subfield code="u">http://cds.cern.ch/record/2851660/files/202303-077_338.jpg?subformat=icon-640</subfield>
    <subfield code="x">icon-640</subfield>
  </datafield>
  <datafield tag="856" ind1="4" ind2=" ">
    <subfield code="8">2431322</subfield>
    <subfield code="s">985110</subfield>
    <subfield code="u">http://cds.cern.ch/record/2851660/files/202303-077_342.jpg?subformat=icon-1440</subfield>
    <subfield code="x">icon-1440</subfield>
  </datafield>
  <datafield tag="856" ind1="4" ind2=" ">
    <subfield code="8">2431322</subfield>
    <subfield code="s">95620</subfield>
    <subfield code="u">http://cds.cern.ch/record/2851660/files/202303-077_342.jpg?subformat=icon-180</subfield>
    <subfield code="x">icon-180</subfield>
  </datafield>
  <datafield tag="856" ind1="4" ind2=" ">
    <subfield code="8">2431322</subfield>
    <subfield code="s">280336</subfield>
    <subfield code="u">http://cds.cern.ch/record/2851660/files/202303-077_342.jpg?subformat=icon-640</subfield>
    <subfield code="x">icon-640</subfield>
  </datafield>
  <datafield tag="856" ind1="4" ind2=" ">
    <subfield code="8">2431323</subfield>
    <subfield code="s">1057426</subfield>
    <subfield code="u">http://cds.cern.ch/record/2851660/files/202303-077_346.jpg?subformat=icon-1440</subfield>
    <subfield code="x">icon-1440</subfield>
  </datafield>
  <datafield tag="856" ind1="4" ind2=" ">
    <subfield code="8">2431323</subfield>
    <subfield code="s">97343</subfield>
    <subfield code="u">http://cds.cern.ch/record/2851660/files/202303-077_346.jpg?subformat=icon-180</subfield>
    <subfield code="x">icon-180</subfield>
  </datafield>
  <datafield tag="856" ind1="4" ind2=" ">
    <subfield code="8">2431323</subfield>
    <subfield code="s">295983</subfield>
    <subfield code="u">http://cds.cern.ch/record/2851660/files/202303-077_346.jpg?subformat=icon-640</subfield>
    <subfield code="x">icon-640</subfield>
  </datafield>
  <datafield tag="856" ind1="4" ind2=" ">
    <subfield code="8">2431324</subfield>
    <subfield code="s">88393</subfield>
    <subfield code="u">http://cds.cern.ch/record/2851660/files/202303-077_359.jpg?subformat=icon-180</subfield>
    <subfield code="x">icon-180</subfield>
  </datafield>
  <datafield tag="856" ind1="4" ind2=" ">
    <subfield code="8">2431324</subfield>
    <subfield code="s">203089</subfield>
    <subfield code="u">http://cds.cern.ch/record/2851660/files/202303-077_359.jpg?subformat=icon-640</subfield>
    <subfield code="x">icon-640</subfield>
  </datafield>
  <datafield tag="856" ind1="4" ind2=" ">
    <subfield code="8">2431324</subfield>
    <subfield code="s">599665</subfield>
    <subfield code="u">http://cds.cern.ch/record/2851660/files/202303-077_359.jpg?subformat=icon-1440</subfield>
    <subfield code="x">icon-1440</subfield>
  </datafield>
  <datafield tag="856" ind1="4" ind2=" ">
    <subfield code="8">2431325</subfield>
    <subfield code="s">91246</subfield>
    <subfield code="u">http://cds.cern.ch/record/2851660/files/202303-077_360.jpg?subformat=icon-180</subfield>
    <subfield code="x">icon-180</subfield>
  </datafield>
  <datafield tag="856" ind1="4" ind2=" ">
    <subfield code="8">2431325</subfield>
    <subfield code="s">234088</subfield>
    <subfield code="u">http://cds.cern.ch/record/2851660/files/202303-077_360.jpg?subformat=icon-640</subfield>
    <subfield code="x">icon-640</subfield>
  </datafield>
  <datafield tag="856" ind1="4" ind2=" ">
    <subfield code="8">2431325</subfield>
    <subfield code="s">751297</subfield>
    <subfield code="u">http://cds.cern.ch/record/2851660/files/202303-077_360.jpg?subformat=icon-1440</subfield>
    <subfield code="x">icon-1440</subfield>
  </datafield>
  <datafield tag="856" ind1="4" ind2=" ">
    <subfield code="8">2431326</subfield>
    <subfield code="s">93205</subfield>
    <subfield code="u">http://cds.cern.ch/record/2851660/files/202303-077_361.jpg?subformat=icon-180</subfield>
    <subfield code="x">icon-180</subfield>
  </datafield>
  <datafield tag="856" ind1="4" ind2=" ">
    <subfield code="8">2431326</subfield>
    <subfield code="s">253173</subfield>
    <subfield code="u">http://cds.cern.ch/record/2851660/files/202303-077_361.jpg?subformat=icon-640</subfield>
    <subfield code="x">icon-640</subfield>
  </datafield>
  <datafield tag="856" ind1="4" ind2=" ">
    <subfield code="8">2431326</subfield>
    <subfield code="s">842770</subfield>
    <subfield code="u">http://cds.cern.ch/record/2851660/files/202303-077_361.jpg?subformat=icon-1440</subfield>
    <subfield code="x">icon-1440</subfield>
  </datafield>
  <datafield tag="856" ind1="4" ind2=" ">
    <subfield code="8">2431327</subfield>
    <subfield code="s">96203</subfield>
    <subfield code="u">http://cds.cern.ch/record/2851660/files/202303-077_374.jpg?subformat=icon-180</subfield>
    <subfield code="x">icon-180</subfield>
  </datafield>
  <datafield tag="856" ind1="4" ind2=" ">
    <subfield code="8">2431327</subfield>
    <subfield code="s">250643</subfield>
    <subfield code="u">http://cds.cern.ch/record/2851660/files/202303-077_374.jpg?subformat=icon-640</subfield>
    <subfield code="x">icon-640</subfield>
  </datafield>
  <datafield tag="856" ind1="4" ind2=" ">
    <subfield code="8">2431327</subfield>
    <subfield code="s">756056</subfield>
    <subfield code="u">http://cds.cern.ch/record/2851660/files/202303-077_374.jpg?subformat=icon-1440</subfield>
    <subfield code="x">icon-1440</subfield>
  </datafield>
  <datafield tag="856" ind1="4" ind2=" ">
    <subfield code="8">2431328</subfield>
    <subfield code="s">93907</subfield>
    <subfield code="u">http://cds.cern.ch/record/2851660/files/202303-077_382.jpg?subformat=icon-180</subfield>
    <subfield code="x">icon-180</subfield>
  </datafield>
  <datafield tag="856" ind1="4" ind2=" ">
    <subfield code="8">2431328</subfield>
    <subfield code="s">260978</subfield>
    <subfield code="u">http://cds.cern.ch/record/2851660/files/202303-077_382.jpg?subformat=icon-640</subfield>
    <subfield code="x">icon-640</subfield>
  </datafield>
  <datafield tag="856" ind1="4" ind2=" ">
    <subfield code="8">2431328</subfield>
    <subfield code="s">882255</subfield>
    <subfield code="u">http://cds.cern.ch/record/2851660/files/202303-077_382.jpg?subformat=icon-1440</subfield>
    <subfield code="x">icon-1440</subfield>
  </datafield>
  <datafield tag="856" ind1="4" ind2=" ">
    <subfield code="8">2431329</subfield>
    <subfield code="s">94367</subfield>
    <subfield code="u">http://cds.cern.ch/record/2851660/files/202303-077_389.jpg?subformat=icon-180</subfield>
    <subfield code="x">icon-180</subfield>
  </datafield>
  <datafield tag="856" ind1="4" ind2=" ">
    <subfield code="8">2431329</subfield>
    <subfield code="s">265622</subfield>
    <subfield code="u">http://cds.cern.ch/record/2851660/files/202303-077_389.jpg?subformat=icon-640</subfield>
    <subfield code="x">icon-640</subfield>
  </datafield>
  <datafield tag="856" ind1="4" ind2=" ">
    <subfield code="8">2431329</subfield>
    <subfield code="s">895935</subfield>
    <subfield code="u">http://cds.cern.ch/record/2851660/files/202303-077_389.jpg?subformat=icon-1440</subfield>
    <subfield code="x">icon-1440</subfield>
  </datafield>
  <datafield tag="856" ind1="4" ind2=" ">
    <subfield code="8">2431330</subfield>
    <subfield code="s">92121</subfield>
    <subfield code="u">http://cds.cern.ch/record/2851660/files/202303-077_390.jpg?subformat=icon-180</subfield>
    <subfield code="x">icon-180</subfield>
  </datafield>
  <datafield tag="856" ind1="4" ind2=" ">
    <subfield code="8">2431330</subfield>
    <subfield code="s">239389</subfield>
    <subfield code="u">http://cds.cern.ch/record/2851660/files/202303-077_390.jpg?subformat=icon-640</subfield>
    <subfield code="x">icon-640</subfield>
  </datafield>
  <datafield tag="856" ind1="4" ind2=" ">
    <subfield code="8">2431330</subfield>
    <subfield code="s">774718</subfield>
    <subfield code="u">http://cds.cern.ch/record/2851660/files/202303-077_390.jpg?subformat=icon-1440</subfield>
    <subfield code="x">icon-1440</subfield>
  </datafield>
  <datafield tag="856" ind1="4" ind2=" ">
    <subfield code="8">2431331</subfield>
    <subfield code="s">950046</subfield>
    <subfield code="u">http://cds.cern.ch/record/2851660/files/202303-077_395.jpg?subformat=icon-1440</subfield>
    <subfield code="x">icon-1440</subfield>
  </datafield>
  <datafield tag="856" ind1="4" ind2=" ">
    <subfield code="8">2431331</subfield>
    <subfield code="s">95868</subfield>
    <subfield code="u">http://cds.cern.ch/record/2851660/files/202303-077_395.jpg?subformat=icon-180</subfield>
    <subfield code="x">icon-180</subfield>
  </datafield>
  <datafield tag="856" ind1="4" ind2=" ">
    <subfield code="8">2431331</subfield>
    <subfield code="s">276802</subfield>
    <subfield code="u">http://cds.cern.ch/record/2851660/files/202303-077_395.jpg?subformat=icon-640</subfield>
    <subfield code="x">icon-640</subfield>
  </datafield>
  <datafield tag="856" ind1="4" ind2=" ">
    <subfield code="8">2431332</subfield>
    <subfield code="s">93861</subfield>
    <subfield code="u">http://cds.cern.ch/record/2851660/files/202303-077_398.jpg?subformat=icon-180</subfield>
    <subfield code="x">icon-180</subfield>
  </datafield>
  <datafield tag="856" ind1="4" ind2=" ">
    <subfield code="8">2431332</subfield>
    <subfield code="s">257185</subfield>
    <subfield code="u">http://cds.cern.ch/record/2851660/files/202303-077_398.jpg?subformat=icon-640</subfield>
    <subfield code="x">icon-640</subfield>
  </datafield>
  <datafield tag="856" ind1="4" ind2=" ">
    <subfield code="8">2431332</subfield>
    <subfield code="s">854539</subfield>
    <subfield code="u">http://cds.cern.ch/record/2851660/files/202303-077_398.jpg?subformat=icon-1440</subfield>
    <subfield code="x">icon-1440</subfield>
  </datafield>
  <datafield tag="856" ind1="4" ind2=" ">
    <subfield code="8">2431333</subfield>
    <subfield code="s">1117314</subfield>
    <subfield code="u">http://cds.cern.ch/record/2851660/files/202303-077_400.jpg?subformat=icon-1440</subfield>
    <subfield code="x">icon-1440</subfield>
  </datafield>
  <datafield tag="856" ind1="4" ind2=" ">
    <subfield code="8">2431333</subfield>
    <subfield code="s">99373</subfield>
    <subfield code="u">http://cds.cern.ch/record/2851660/files/202303-077_400.jpg?subformat=icon-180</subfield>
    <subfield code="x">icon-180</subfield>
  </datafield>
  <datafield tag="856" ind1="4" ind2=" ">
    <subfield code="8">2431333</subfield>
    <subfield code="s">322017</subfield>
    <subfield code="u">http://cds.cern.ch/record/2851660/files/202303-077_400.jpg?subformat=icon-640</subfield>
    <subfield code="x">icon-640</subfield>
  </datafield>
  <datafield tag="856" ind1="4" ind2=" ">
    <subfield code="8">2431334</subfield>
    <subfield code="s">1112922</subfield>
    <subfield code="u">http://cds.cern.ch/record/2851660/files/202303-077_402.jpg?subformat=icon-1440</subfield>
    <subfield code="x">icon-1440</subfield>
  </datafield>
  <datafield tag="856" ind1="4" ind2=" ">
    <subfield code="8">2431334</subfield>
    <subfield code="s">98921</subfield>
    <subfield code="u">http://cds.cern.ch/record/2851660/files/202303-077_402.jpg?subformat=icon-180</subfield>
    <subfield code="x">icon-180</subfield>
  </datafield>
  <datafield tag="856" ind1="4" ind2=" ">
    <subfield code="8">2431334</subfield>
    <subfield code="s">319651</subfield>
    <subfield code="u">http://cds.cern.ch/record/2851660/files/202303-077_402.jpg?subformat=icon-640</subfield>
    <subfield code="x">icon-640</subfield>
  </datafield>
  <datafield tag="856" ind1="4" ind2=" ">
    <subfield code="8">2431335</subfield>
    <subfield code="s">1054656</subfield>
    <subfield code="u">http://cds.cern.ch/record/2851660/files/202303-077_404.jpg?subformat=icon-1440</subfield>
    <subfield code="x">icon-1440</subfield>
  </datafield>
  <datafield tag="856" ind1="4" ind2=" ">
    <subfield code="8">2431335</subfield>
    <subfield code="s">97300</subfield>
    <subfield code="u">http://cds.cern.ch/record/2851660/files/202303-077_404.jpg?subformat=icon-180</subfield>
    <subfield code="x">icon-180</subfield>
  </datafield>
  <datafield tag="856" ind1="4" ind2=" ">
    <subfield code="8">2431335</subfield>
    <subfield code="s">306560</subfield>
    <subfield code="u">http://cds.cern.ch/record/2851660/files/202303-077_404.jpg?subformat=icon-640</subfield>
    <subfield code="x">icon-640</subfield>
  </datafield>
  <datafield tag="856" ind1="4" ind2=" ">
    <subfield code="8">2431336</subfield>
    <subfield code="s">1032840</subfield>
    <subfield code="u">http://cds.cern.ch/record/2851660/files/202303-077_406.jpg?subformat=icon-1440</subfield>
    <subfield code="x">icon-1440</subfield>
  </datafield>
  <datafield tag="856" ind1="4" ind2=" ">
    <subfield code="8">2431336</subfield>
    <subfield code="s">97652</subfield>
    <subfield code="u">http://cds.cern.ch/record/2851660/files/202303-077_406.jpg?subformat=icon-180</subfield>
    <subfield code="x">icon-180</subfield>
  </datafield>
  <datafield tag="856" ind1="4" ind2=" ">
    <subfield code="8">2431336</subfield>
    <subfield code="s">298002</subfield>
    <subfield code="u">http://cds.cern.ch/record/2851660/files/202303-077_406.jpg?subformat=icon-640</subfield>
    <subfield code="x">icon-640</subfield>
  </datafield>
  <datafield tag="856" ind1="4" ind2=" ">
    <subfield code="8">2431337</subfield>
    <subfield code="s">1485174</subfield>
    <subfield code="u">http://cds.cern.ch/record/2851660/files/202303-077_412.jpg?subformat=icon-1440</subfield>
    <subfield code="x">icon-1440</subfield>
  </datafield>
  <datafield tag="856" ind1="4" ind2=" ">
    <subfield code="8">2431337</subfield>
    <subfield code="s">104890</subfield>
    <subfield code="u">http://cds.cern.ch/record/2851660/files/202303-077_412.jpg?subformat=icon-180</subfield>
    <subfield code="x">icon-180</subfield>
  </datafield>
  <datafield tag="856" ind1="4" ind2=" ">
    <subfield code="8">2431337</subfield>
    <subfield code="s">386003</subfield>
    <subfield code="u">http://cds.cern.ch/record/2851660/files/202303-077_412.jpg?subformat=icon-640</subfield>
    <subfield code="x">icon-640</subfield>
  </datafield>
  <datafield tag="856" ind1="4" ind2=" ">
    <subfield code="8">2431338</subfield>
    <subfield code="s">1054077</subfield>
    <subfield code="u">http://cds.cern.ch/record/2851660/files/202303-077_416.jpg?subformat=icon-1440</subfield>
    <subfield code="x">icon-1440</subfield>
  </datafield>
  <datafield tag="856" ind1="4" ind2=" ">
    <subfield code="8">2431338</subfield>
    <subfield code="s">95405</subfield>
    <subfield code="u">http://cds.cern.ch/record/2851660/files/202303-077_416.jpg?subformat=icon-180</subfield>
    <subfield code="x">icon-180</subfield>
  </datafield>
  <datafield tag="856" ind1="4" ind2=" ">
    <subfield code="8">2431338</subfield>
    <subfield code="s">300576</subfield>
    <subfield code="u">http://cds.cern.ch/record/2851660/files/202303-077_416.jpg?subformat=icon-640</subfield>
    <subfield code="x">icon-640</subfield>
  </datafield>
  <datafield tag="856" ind1="4" ind2=" ">
    <subfield code="8">2431339</subfield>
    <subfield code="s">981255</subfield>
    <subfield code="u">http://cds.cern.ch/record/2851660/files/202303-077_423.jpg?subformat=icon-1440</subfield>
    <subfield code="x">icon-1440</subfield>
  </datafield>
  <datafield tag="856" ind1="4" ind2=" ">
    <subfield code="8">2431339</subfield>
    <subfield code="s">101090</subfield>
    <subfield code="u">http://cds.cern.ch/record/2851660/files/202303-077_423.jpg?subformat=icon-180</subfield>
    <subfield code="x">icon-180</subfield>
  </datafield>
  <datafield tag="856" ind1="4" ind2=" ">
    <subfield code="8">2431339</subfield>
    <subfield code="s">301739</subfield>
    <subfield code="u">http://cds.cern.ch/record/2851660/files/202303-077_423.jpg?subformat=icon-640</subfield>
    <subfield code="x">icon-640</subfield>
  </datafield>
  <datafield tag="856" ind1="4" ind2=" ">
    <subfield code="8">2431340</subfield>
    <subfield code="s">1257273</subfield>
    <subfield code="u">http://cds.cern.ch/record/2851660/files/202303-077_427.jpg?subformat=icon-1440</subfield>
    <subfield code="x">icon-1440</subfield>
  </datafield>
  <datafield tag="856" ind1="4" ind2=" ">
    <subfield code="8">2431340</subfield>
    <subfield code="s">101203</subfield>
    <subfield code="u">http://cds.cern.ch/record/2851660/files/202303-077_427.jpg?subformat=icon-180</subfield>
    <subfield code="x">icon-180</subfield>
  </datafield>
  <datafield tag="856" ind1="4" ind2=" ">
    <subfield code="8">2431340</subfield>
    <subfield code="s">343300</subfield>
    <subfield code="u">http://cds.cern.ch/record/2851660/files/202303-077_427.jpg?subformat=icon-640</subfield>
    <subfield code="x">icon-640</subfield>
  </datafield>
  <datafield tag="856" ind1="4" ind2=" ">
    <subfield code="8">2431341</subfield>
    <subfield code="s">1157566</subfield>
    <subfield code="u">http://cds.cern.ch/record/2851660/files/202303-077_429.jpg?subformat=icon-1440</subfield>
    <subfield code="x">icon-1440</subfield>
  </datafield>
  <datafield tag="856" ind1="4" ind2=" ">
    <subfield code="8">2431341</subfield>
    <subfield code="s">99573</subfield>
    <subfield code="u">http://cds.cern.ch/record/2851660/files/202303-077_429.jpg?subformat=icon-180</subfield>
    <subfield code="x">icon-180</subfield>
  </datafield>
  <datafield tag="856" ind1="4" ind2=" ">
    <subfield code="8">2431341</subfield>
    <subfield code="s">321519</subfield>
    <subfield code="u">http://cds.cern.ch/record/2851660/files/202303-077_429.jpg?subformat=icon-640</subfield>
    <subfield code="x">icon-640</subfield>
  </datafield>
  <datafield tag="856" ind1="4" ind2=" ">
    <subfield code="8">2431342</subfield>
    <subfield code="s">1302425</subfield>
    <subfield code="u">http://cds.cern.ch/record/2851660/files/202303-077_432.jpg?subformat=icon-1440</subfield>
    <subfield code="x">icon-1440</subfield>
  </datafield>
  <datafield tag="856" ind1="4" ind2=" ">
    <subfield code="8">2431342</subfield>
    <subfield code="s">104247</subfield>
    <subfield code="u">http://cds.cern.ch/record/2851660/files/202303-077_432.jpg?subformat=icon-180</subfield>
    <subfield code="x">icon-180</subfield>
  </datafield>
  <datafield tag="856" ind1="4" ind2=" ">
    <subfield code="8">2431342</subfield>
    <subfield code="s">359004</subfield>
    <subfield code="u">http://cds.cern.ch/record/2851660/files/202303-077_432.jpg?subformat=icon-640</subfield>
    <subfield code="x">icon-640</subfield>
  </datafield>
  <datafield tag="856" ind1="4" ind2=" ">
    <subfield code="8">2431343</subfield>
    <subfield code="s">1240475</subfield>
    <subfield code="u">http://cds.cern.ch/record/2851660/files/202303-077_435.jpg?subformat=icon-1440</subfield>
    <subfield code="x">icon-1440</subfield>
  </datafield>
  <datafield tag="856" ind1="4" ind2=" ">
    <subfield code="8">2431343</subfield>
    <subfield code="s">100722</subfield>
    <subfield code="u">http://cds.cern.ch/record/2851660/files/202303-077_435.jpg?subformat=icon-180</subfield>
    <subfield code="x">icon-180</subfield>
  </datafield>
  <datafield tag="856" ind1="4" ind2=" ">
    <subfield code="8">2431343</subfield>
    <subfield code="s">337685</subfield>
    <subfield code="u">http://cds.cern.ch/record/2851660/files/202303-077_435.jpg?subformat=icon-640</subfield>
    <subfield code="x">icon-640</subfield>
  </datafield>
  <datafield tag="856" ind1="4" ind2=" ">
    <subfield code="8">2431344</subfield>
    <subfield code="s">1154425</subfield>
    <subfield code="u">http://cds.cern.ch/record/2851660/files/202303-077_441.jpg?subformat=icon-1440</subfield>
    <subfield code="x">icon-1440</subfield>
  </datafield>
  <datafield tag="856" ind1="4" ind2=" ">
    <subfield code="8">2431344</subfield>
    <subfield code="s">100678</subfield>
    <subfield code="u">http://cds.cern.ch/record/2851660/files/202303-077_441.jpg?subformat=icon-180</subfield>
    <subfield code="x">icon-180</subfield>
  </datafield>
  <datafield tag="856" ind1="4" ind2=" ">
    <subfield code="8">2431344</subfield>
    <subfield code="s">328117</subfield>
    <subfield code="u">http://cds.cern.ch/record/2851660/files/202303-077_441.jpg?subformat=icon-640</subfield>
    <subfield code="x">icon-640</subfield>
  </datafield>
  <datafield tag="856" ind1="4" ind2=" ">
    <subfield code="8">2431345</subfield>
    <subfield code="s">1139050</subfield>
    <subfield code="u">http://cds.cern.ch/record/2851660/files/202303-077_447.jpg?subformat=icon-1440</subfield>
    <subfield code="x">icon-1440</subfield>
  </datafield>
  <datafield tag="856" ind1="4" ind2=" ">
    <subfield code="8">2431345</subfield>
    <subfield code="s">101802</subfield>
    <subfield code="u">http://cds.cern.ch/record/2851660/files/202303-077_447.jpg?subformat=icon-180</subfield>
    <subfield code="x">icon-180</subfield>
  </datafield>
  <datafield tag="856" ind1="4" ind2=" ">
    <subfield code="8">2431345</subfield>
    <subfield code="s">329327</subfield>
    <subfield code="u">http://cds.cern.ch/record/2851660/files/202303-077_447.jpg?subformat=icon-640</subfield>
    <subfield code="x">icon-640</subfield>
  </datafield>
  <datafield tag="856" ind1="4" ind2=" ">
    <subfield code="8">2431346</subfield>
    <subfield code="s">1139065</subfield>
    <subfield code="u">http://cds.cern.ch/record/2851660/files/202303-077_457.jpg?subformat=icon-1440</subfield>
    <subfield code="x">icon-1440</subfield>
  </datafield>
  <datafield tag="856" ind1="4" ind2=" ">
    <subfield code="8">2431346</subfield>
    <subfield code="s">100618</subfield>
    <subfield code="u">http://cds.cern.ch/record/2851660/files/202303-077_457.jpg?subformat=icon-180</subfield>
    <subfield code="x">icon-180</subfield>
  </datafield>
  <datafield tag="856" ind1="4" ind2=" ">
    <subfield code="8">2431346</subfield>
    <subfield code="s">328216</subfield>
    <subfield code="u">http://cds.cern.ch/record/2851660/files/202303-077_457.jpg?subformat=icon-640</subfield>
    <subfield code="x">icon-640</subfield>
  </datafield>
  <datafield tag="856" ind1="4" ind2=" ">
    <subfield code="8">2431347</subfield>
    <subfield code="s">1197265</subfield>
    <subfield code="u">http://cds.cern.ch/record/2851660/files/202303-077_459.jpg?subformat=icon-1440</subfield>
    <subfield code="x">icon-1440</subfield>
  </datafield>
  <datafield tag="856" ind1="4" ind2=" ">
    <subfield code="8">2431347</subfield>
    <subfield code="s">102009</subfield>
    <subfield code="u">http://cds.cern.ch/record/2851660/files/202303-077_459.jpg?subformat=icon-180</subfield>
    <subfield code="x">icon-180</subfield>
  </datafield>
  <datafield tag="856" ind1="4" ind2=" ">
    <subfield code="8">2431347</subfield>
    <subfield code="s">339857</subfield>
    <subfield code="u">http://cds.cern.ch/record/2851660/files/202303-077_459.jpg?subformat=icon-640</subfield>
    <subfield code="x">icon-640</subfield>
  </datafield>
  <datafield tag="856" ind1="4" ind2=" ">
    <subfield code="8">2431348</subfield>
    <subfield code="s">1165017</subfield>
    <subfield code="u">http://cds.cern.ch/record/2851660/files/202303-077_460.jpg?subformat=icon-1440</subfield>
    <subfield code="x">icon-1440</subfield>
  </datafield>
  <datafield tag="856" ind1="4" ind2=" ">
    <subfield code="8">2431348</subfield>
    <subfield code="s">100663</subfield>
    <subfield code="u">http://cds.cern.ch/record/2851660/files/202303-077_460.jpg?subformat=icon-180</subfield>
    <subfield code="x">icon-180</subfield>
  </datafield>
  <datafield tag="856" ind1="4" ind2=" ">
    <subfield code="8">2431348</subfield>
    <subfield code="s">331676</subfield>
    <subfield code="u">http://cds.cern.ch/record/2851660/files/202303-077_460.jpg?subformat=icon-640</subfield>
    <subfield code="x">icon-640</subfield>
  </datafield>
  <datafield tag="856" ind1="4" ind2=" ">
    <subfield code="8">2431349</subfield>
    <subfield code="s">1133410</subfield>
    <subfield code="u">http://cds.cern.ch/record/2851660/files/202303-077_467.jpg?subformat=icon-1440</subfield>
    <subfield code="x">icon-1440</subfield>
  </datafield>
  <datafield tag="856" ind1="4" ind2=" ">
    <subfield code="8">2431349</subfield>
    <subfield code="s">100104</subfield>
    <subfield code="u">http://cds.cern.ch/record/2851660/files/202303-077_467.jpg?subformat=icon-180</subfield>
    <subfield code="x">icon-180</subfield>
  </datafield>
  <datafield tag="856" ind1="4" ind2=" ">
    <subfield code="8">2431349</subfield>
    <subfield code="s">323827</subfield>
    <subfield code="u">http://cds.cern.ch/record/2851660/files/202303-077_467.jpg?subformat=icon-640</subfield>
    <subfield code="x">icon-640</subfield>
  </datafield>
  <datafield tag="856" ind1="4" ind2=" ">
    <subfield code="8">2431350</subfield>
    <subfield code="s">1143435</subfield>
    <subfield code="u">http://cds.cern.ch/record/2851660/files/202303-077_476.jpg?subformat=icon-1440</subfield>
    <subfield code="x">icon-1440</subfield>
  </datafield>
  <datafield tag="856" ind1="4" ind2=" ">
    <subfield code="8">2431350</subfield>
    <subfield code="s">101408</subfield>
    <subfield code="u">http://cds.cern.ch/record/2851660/files/202303-077_476.jpg?subformat=icon-180</subfield>
    <subfield code="x">icon-180</subfield>
  </datafield>
  <datafield tag="856" ind1="4" ind2=" ">
    <subfield code="8">2431350</subfield>
    <subfield code="s">329110</subfield>
    <subfield code="u">http://cds.cern.ch/record/2851660/files/202303-077_476.jpg?subformat=icon-640</subfield>
    <subfield code="x">icon-640</subfield>
  </datafield>
  <datafield tag="859" ind1=" " ind2=" ">
    <subfield code="f">jacques.fichet@cern.ch</subfield>
  </datafield>
  <datafield tag="859" ind1=" " ind2=" ">
    <subfield code="f">salome.rohr@cern.ch</subfield>
  </datafield>
  <datafield tag="916" ind1=" " ind2=" ">
    <subfield code="s">n</subfield>
    <subfield code="w">202310</subfield>
  </datafield>
  <datafield tag="923" ind1=" " ind2=" ">
    <subfield code="l">52/1-052</subfield>
    <subfield code="p">CERN</subfield>
    <subfield code="r">Salome Rohr &lt;salome.rohr@cern.ch></subfield>
  </datafield>
  <datafield tag="960" ind1=" " ind2=" ">
    <subfield code="a">86</subfield>
  </datafield>
  <datafield tag="963" ind1=" " ind2=" ">
    <subfield code="a">PUBLIC</subfield>
  </datafield>
  <datafield tag="963" ind1=" " ind2=" ">
    <subfield code="b">VISIBLE</subfield>
  </datafield>
  <datafield tag="980" ind1=" " ind2=" ">
    <subfield code="a">PHOTOLABCERN</subfield>
  </datafield>
</record>
</collection>